000 00788nam a2200229Ii 4500
003 JO-AjNU
008 230605s9999||||xx |||||||||||||| ||und||
017 _a2004/16531
020 _a977-327-510-8
040 _aJO-AjNU
_bara
_erda
_cJO-AjNU
041 _aara
050 1 4 _aBP173.5.H5 2005
100 3 _aمرزوق، حلمي,
_eauthor
_98007
245 0 0 _aالإسلام والفكر المعاصر : بحوث ومقالات
250 _aط1
264 3 1 _aالاسكندرية: دار الوفاء لدنيا الطباعة والنشر، 2005
300 _a225ص
336 _atext
_btxt
_2rdacontent
337 _aunmediated
_bn
_2rdamedia
338 _avolume
_bnc
_2rdacarrier
650 4 _aالاسلام- الفلسفة الاسلامية- مقالات ومحاضرات
_98008
999 _aA567
_c4135
_d4135